000
00175nam a2200073Ia 4500
008
170817s9999 xx 000 0 und d
100
_a
DIKSHIK
245
0
_a
BAYO KAMMY KE CHAMTKAR
260
_b
BHASHA B.MATHURA
999
_c
36205
_d
36205